000 00968nam a22002417a 4500
999 _c1166
_d1166
003 AR-CdUCM
008 190226b ||||| |||| 00| 0 spa d
040 _aMUNICIPALIDAD PROVINCIAL DEL CUSCO
_cBIBLIOTECA MUNICIPAL DEL CUSCO
082 _22ed.
_a336.984 /
_bV34
100 _aVelasquez, Edmundo
_94570
245 _aNociones de finanzas generales y hacienda publica de Bolivia /
260 _aArgentina :
_bSimon Patiño ,
_c1948.
300 _a654 páginas ;
_c23 cm.
500 _aNota para la biblioteca Municipal.
505 _aNociones de finanzas generales -- Economía financiera -- Los gastos públicos -- Presupuesto -- Recursos del estado -- Los impuestos -- Crédito público -- La hacienda en Bolivia...
650 _aEconomía financiera.
_94571
650 _aGastos públicos.
_94572
650 _aPresupuesto.
_93446
650 _aRecursos del estado.
_94573
650 _aLos impuestos.
_94574
942 _2ddc
_cLIBROS
945 _awfj
_d2019-02-26